000 00310nam a2200133 i 4500
001 bg
245 0 _aElektrochemische und elektroerosive Metallbearbeitung.
260 _aEssen,
_c1966.
040 _cBPK
041 _apol
080 _a621.9:621.35
942 _cKS
008 s pl f |000 0 pol
999 _c9345
_d9345
856 _uhttp://koha.tu.koszalin.pl/cgi-bin/koha/opac-detail.pl?biblionumber=9345
_yKatalog online BPK